000
00326 a2200157 4500
001
174332
020
_a
040
_c
Magnum
100
_a
Batista, Marcia
240
1
0
_a
A caixa do menino
_l
por
245
1
0
_a
A caixa do menino
362
0
_a
1899
440
1
_a
Scipione
697
_a
I/SOCIEDADE, COTIDIANO
942
_c
BK
999
_c
174332
_d
174332